Discrete mathematics with graph theory
Đã lưu trong:
| Hovedforfatter: | |
|---|---|
| Format: | Bog |
| Sprog: | Undetermined |
| Udgivet: |
Upper Saddle River
Prentice Hall
2006
|
| Fag: | |
| Tags: |
Tilføj Tag
Ingen Tags, Vær først til at tagge denne postø!
|
| Thư viện lưu trữ: | Trung tâm Học liệu Trường Đại học Cần Thơ |
|---|
| LEADER | 00567nam a2200205Ia 4500 | ||
|---|---|---|---|
| 001 | CTU_100173 | ||
| 008 | 210402s9999 xx 000 0 und d | ||
| 020 | |c 912000 | ||
| 082 | |a 510 | ||
| 082 | |b G646 | ||
| 100 | |a Goodaire, Edgar G. | ||
| 245 | 0 | |a Discrete mathematics with graph theory | |
| 245 | 0 | |c Edgar G. Goodaire | |
| 260 | |a Upper Saddle River | ||
| 260 | |b Prentice Hall | ||
| 260 | |c 2006 | ||
| 650 | |a Mathematics,Computer science,Graph theory | ||
| 650 | |x Mathematics | ||
| 904 | |i Giang | ||
| 980 | |a Trung tâm Học liệu Trường Đại học Cần Thơ | ||